[Event "Plymouth (MI Op/4/69)"]
[Site "?"]
[Date "1984.??.??"]
[Round "?"]
[White "Steverson, Bunnard"]
[Black "Swathell, Gary"]
[Result "1-0"]
[WhiteElo "1605"]
[BlackElo "1640"]
[PlyCount "177"]
[EventDate "1984.??.??"]

{4/(69)} 1. e4 e5 2. Nf3 Nc6 3. Bc4 Bc5 4. O-O Nf6 5. Nc3 d6 6. d3 Qe7 7. Bg5
h6 8. Nd5 Qd8 9. Bh4 g5 10. Nxf6+ Qxf6 11. Bg3 Be6 12. Bb5 Bg4 13. h3 Bxf3 14.
Bxc6+ bxc6 15. gxf3 O-O 16. Kg2 Qg7 17. c3 f5 18. exf5 Rxf5 19. Qb3+ Kh8 20.
Qb7 Raf8 21. Qxc6 Rxf3 22. Qe4 Qf7 23. d4 exd4 24. cxd4 Bb6 25. Rae1 d5 26. Qg4
c6 27. Re6 Rf6 28. Be5 Bd8 29. Bxf6+ Bxf6 30. Qf5 Kg7 31. Rxc6 Qb7 32. Qc2 Qb5
33. Rc7+ Rf7 34. Rc5 Qe8 35. Rxd5 Qe6 36. Rb5 Bxd4 37. f3 Qe3 38. Qe4 Qd2+ 39.
Kh1 Bxb2 40. Rd5 Qc3 41. Rfd1 Qxf3+ 42. Qxf3 Rxf3 43. Rd7+ Kg6 44. Rxa7 Rxh3+
45. Kg2 Rh4 46. Ra6+ Kh5 47. Rh1 Rxh1 48. Kxh1 Bg7 49. a3 Kh4 50. Ra4+ g4 51.
Re4 Bf8 52. a4 Kh3 53. Re3+ g3 54. Rf3 Bc5 55. a5 Kg4 56. Kg2 h5 57. Rxg3+ Kf4
58. Kh3 Ke5 59. Rd3 Ke6 60. a6 Ba7 61. Kh4 Ke7 62. Kxh5 Ke6 63. Kg5 Bb6 64. Kf4
Bc7+ 65. Ke4 Bb8 66. Rd5 Ba7 67. Rd4 Bb6 68. Kd3 Ba7 69. Kc4 Ke5 70. Rd5+ Ke6
71. Rd1 Ke7 72. Kb5 Ke6 73. Kc6 Ke7 74. Kb7 Bc5 75. a7 Bxa7 76. Kxa7 Ke6 77.
Kb6 Ke5 78. Kc5 Ke6 79. Rd5 Kf6 80. Kd6 Kf7 81. Rf5+ Kg6 82. Ke6 Kg7 83. Rf6
Kg8 84. Ke7 Kg7 85. Ke6 Kg8 86. Kf5 Kg7 87. Kg5 Kh7 88. Rf7+ Kg8 89. Kg6 1-0

[Event "Plymouth (MI Op/2/58)"]
[Site "?"]
[Date "1984.??.??"]
[Round "?"]
[White "Steverson, Bunnard"]
[Black "Sacco, G.."]
[Result "0-1"]
[WhiteElo "1605"]
[BlackElo "1740"]
[PlyCount "86"]
[EventDate "1984.??.??"]

{2/(58)} 1. d4 Nf6 2. Nf3 g6 3. c4 Bg7 4. Nc3 d6 5. Bg5 O-O 6. e3 c5 7. dxc5
Qa5 8. Bd3 dxc5 9. O-O Rd8 10. Qc2 Nc6 11. a3 Bg4 12. Be2 Bf5 13. e4 Bg4 14. h3
Bxf3 15. Bxf3 Nd4 16. Qd1 Ne6 17. Bd2 Bh6 18. b4 cxb4 19. axb4 Qxb4 20. Nd5
Qxd2 21. Nxe7+ Kf8 22. Nd5 Nxd5 23. cxd5 Qxd1 24. Rfxd1 Ng5 25. Ra4 Nxf3+ 26.
gxf3 b5 27. Rb4 Rab8 28. Ra1 a5 29. Rb3 a4 30. Rd3 Bg7 31. Ra2 Rbc8 32. d6 Rc1+
33. Kg2 Ra1 34. Rc2 b4 35. d7 Ke7 36. Rc7 b3 37. e5 b2 38. Rb7 b1=Q 39. Rxb1
Rxb1 40. f4 Rxd7 41. Ra3 Rd4 42. Rc3 Rxf4 43. Kg3 Bxe5 0-1

[Event "Plymouth (MI Op/6/73)"]
[Site "?"]
[Date "1984.??.??"]
[Round "?"]
[White "Steverson, Bunnard"]
[Black "Neely, Richard"]
[Result "0-1"]
[WhiteElo "1605"]
[BlackElo "1605"]
[PlyCount "74"]
[EventDate "1984.??.??"]

{6/(73)} 1. e4 d6 2. Nf3 Nf6 3. Bc4 e6 4. Nc3 g6 5. O-O Bg7 6. d4 O-O 7. Bg5
Qd7 8. Bb5 c6 9. Bd3 b6 10. e5 Nd5 11. Nxd5 cxd5 12. Bf6 Ba6 13. Bxg7 Kxg7 14.
Re1 Bxd3 15. Qxd3 Qc7 16. c3 Nd7 17. Rac1 Rac8 18. Qe2 dxe5 19. Nxe5 Nxe5 20.
dxe5 Qc4 21. Qf3 b5 22. Qf6+ Kg8 23. b3 Qd3 24. h4 Rxc3 25. h5 gxh5 26. Qg5+
Kh8 27. Qf6+ Kg8 28. Re3 Rxc1+ 29. Kh2 Qg6 30. Rg3 Rfc8 31. f4 Rh1+ 32. Kxh1
Qxg3 33. Qg5+ Qxg5 34. fxg5 Rc2 35. Kh2 d4 36. Kh3 d3 37. Kh4 d2 0-1

[Event "East Detroit (MCO/2/46)"]
[Site "?"]
[Date "1984.??.??"]
[Round "?"]
[White "Steverson, Bunnard"]
[Black "Johnson, To"]
[Result "1-0"]
[WhiteElo "1605"]
[BlackElo "1605"]
[PlyCount "95"]
[EventDate "1984.??.??"]

{2/(46)} 1. d4 Nf6 2. c4 g6 3. Nf3 d6 4. Nc3 Bg7 5. Bg5 O-O 6. e3 Bf5 7. Be2
Nbd7 8. Nh4 h6 9. Nxf5 hxg5 10. Nxg7 Kxg7 11. Bf3 Qc8 12. Qb3 c6 13. Ne4 Nxe4
14. Bxe4 Nf6 15. Bf3 e6 16. d5 Rb8 17. O-O exd5 18. cxd5 c5 19. Rac1 Re8 20.
Qc3 Qf5 21. g4 Qxf3 22. e4 Qxg4+ 23. Qg3 Qxg3+ 24. fxg3 Rxe4 25. Rf3 Rbe8 26.
Rcf1 Nxd5 27. Rxf7+ Kh6 28. Rxb7 R8e7 29. Rb8 Re1 30. Rxe1 Rxe1+ 31. Kf2 Re7
32. Rd8 Re6 33. Rd7 Nb4 34. Rxa7 Nd3+ 35. Kf3 Nxb2 36. a4 c4 37. a5 d5 38. Rd7
Rc6 39. Rxd5 c3 40. a6 c2 41. a7 Rc8 42. Rc5 Rf8+ 43. Ke4 Re8+ 44. Kd5 Rd8+ 45.
Kc6 Rc8+ 46. Kb7 Rxc5 47. a8=Q Rb5+ 48. Ka6 1-0

[Event "East Detroit (MCO/4/21)"]
[Site "?"]
[Date "1984.??.??"]
[Round "?"]
[White "Steverson, Bunnard"]
[Black "Johnson, Ri"]
[Result "1-0"]
[WhiteElo "1605"]
[BlackElo "1935"]
[PlyCount "61"]
[EventDate "1984.??.??"]

{4/(21)} 1. d4 Nf6 2. c4 e6 3. Nc3 d5 4. Nf3 c6 5. Bg5 Qa5 6. Bxf6 gxf6 7. e3
Be7 8. Bd3 Nd7 9. cxd5 cxd5 10. Bb5 Bb4 11. Bxd7+ Bxd7 12. O-O Bxc3 13. bxc3
Qxc3 14. Rc1 Qa3 15. Qd2 Bb5 16. Rc3 Qa6 17. Rfc1 O-O 18. Nh4 Bc4 19. e4 Qd6
20. Rg3+ Kh8 21. Qh6 Qxg3 22. hxg3 Bxa2 23. Qxf6+ Kg8 24. Nf3 Rad8 25. Ng5 Rd7
26. f3 dxe4 27. Kf2 e3+ 28. Kxe3 e5 29. Rh1 exd4+ 30. Kf4 Bb1 31. Rxb1 1-0

[Event "East Detroit (MCO/6/20)"]
[Site "?"]
[Date "1984.??.??"]
[Round "?"]
[White "Steverson, Bunnard"]
[Black "Gaba, H.."]
[Result "0-1"]
[WhiteElo "1605"]
[BlackElo "1840"]
[PlyCount "74"]
[EventDate "1984.??.??"]

{6/(20)} 1. d4 Nf6 2. c4 g6 3. Nf3 Bg7 4. Nc3 d6 5. Bg5 O-O 6. e3 Nbd7 7. Bd3
Qe8 8. Nb5 Qd8 9. Nc3 c6 10. O-O e5 11. dxe5 dxe5 12. Ne4 Qe8 13. Nd6 Qe6 14.
Bc2 h6 15. Bh4 e4 16. Bxf6 Nxf6 17. Nxc8 exf3 18. Qxf3 Raxc8 19. b3 Qg4 20.
Qxg4 Nxg4 21. Rad1 Rfd8 22. h3 Nf6 23. a4 Kf8 24. Rd3 Rxd3 25. Bxd3 Ke7 26. c5
Rd8 27. Bc4 Ne4 28. Be2 Nxc5 29. Rb1 a6 30. b4 Nxa4 31. Rc1 Nc3 32. Bf3 Rd2 33.
Re1 Rb2 34. g4 Rxb4 35. Bg2 a5 36. e4 a4 37. e5 a3 0-1

[Event "East Detroit (MCO/6/33)"]
[Site "?"]
[Date "1984.??.??"]
[Round "?"]
[White "Steen, Harold"]
[Black "Yee, T.."]
[Result "1-0"]
[WhiteElo "1620"]
[BlackElo "1605"]
[PlyCount "131"]
[EventDate "1984.??.??"]

{6/(33)} 1. c4 e5 2. Nc3 Nf6 3. g3 Nc6 4. Bg2 g6 5. d3 d6 6. Nf3 Bd7 7. a3 a6
8. b4 Rb8 9. O-O Bg7 10. Bd2 O-O 11. Qc1 Qc8 12. Bh6 Ng4 13. Bxg7 Kxg7 14. Re1
Nd4 15. Nxd4 exd4 16. Ne4 Ne5 17. Qb2 Bh3 18. Qxd4 f6 19. Nd2 Qf5 20. Qf4 Qh5
21. Qh4 Bxg2 22. Qxh5 gxh5 23. Kxg2 Rbe8 24. h4 Nc6 25. Nf3 f5 26. e3 h6 27.
Ra2 Re6 28. d4 Re4 29. Rae2 Ne7 30. Nd2 Rg4 31. Nf3 Kh8 32. Ng1 Rfg8 33. Kh2 c6
34. Nh3 Nc8 35. Nf4 Nb6 36. Nxh5 R4g6 37. c5 dxc5 38. bxc5 Na4 39. Rc2 b6 40.
cxb6 Nxb6 41. Rec1 Rc8 42. Nf4 Rd6 43. Nd3 Kg7 44. Ne5 Rb8 45. Rxc6 Rd5 46. Rb1
Rb5 47. Rxb5 axb5 48. Rc1 Ra8 49. Rb1 Ra5 50. Nc6 Rxa3 51. Rxb5 Nc4 52. Rxf5
Nd6 53. Ra5 Rc3 54. Ne5 Kf6 55. Ra6 Ke7 56. Ng6+ Kd7 57. Nf4 Rc2 58. Nh3 Nf5
59. Ra3 Ke6 60. Rd3 Kd5 61. Nf4+ Ke4 62. Kg2 Nxe3+ 63. Rxe3+ Kxd4 64. Kf3 Kc4
65. Re6 Rc3+ 66. Kg2 1-0

[Event "East Detroit (MCO/3/19)"]
[Site "?"]
[Date "1984.??.??"]
[Round "?"]
[White "Steen, Harold"]
[Black "Mason, D.."]
[Result "0-1"]
[WhiteElo "1620"]
[BlackElo "1955"]
[PlyCount "90"]
[EventDate "1984.??.??"]

{3/(19)} 1. Nf3 Nf6 2. g3 b6 3. Bg2 Bb7 4. O-O e6 5. d3 d5 6. c4 Be7 7. cxd5
exd5 8. Nc3 O-O 9. d4 Re8 10. a3 Nbd7 11. b4 Ne4 12. Bb2 Bf6 13. Rc1 Rc8 14. e3
c5 15. Nxe4 dxe4 16. Nd2 Qe7 17. Nc4 cxb4 18. axb4 Ba6 19. b5 Bxb5 20. Ba3 Qd8
21. Qb3 Bxc4 22. Rxc4 Be7 23. Rfc1 Rxc4 24. Rxc4 Bxa3 25. Qxa3 Qb8 26. Qc3 b5
27. Rc7 Nb6 28. Qc1 b4 29. Rc2 b3 30. Rb2 Na4 31. Rb1 Rc8 32. Qa3 b2 33. Bxe4
Qb5 34. Kg2 a5 35. Bd3 Qb4 36. Qxb4 axb4 37. d5 Rc1 38. Kf3 Rxb1 39. Bxb1 Nc3
40. d6 Kf8 41. Bc2 b3 42. Bd3 b1=Q 43. Bxb1 Nxb1 44. Ke2 b2 45. d7 Ke7 0-1

[Event "Plymouth (MI Op/4/44)"]
[Site "?"]
[Date "1984.??.??"]
[Round "?"]
[White "Steen, Harold"]
[Black "Mason, D.."]
[Result "0-1"]
[WhiteElo "1620"]
[BlackElo "1955"]
[PlyCount "132"]
[EventDate "1984.??.??"]

{4/(44)} 1. Nf3 Nf6 2. g3 b6 3. Bg2 Bb7 4. Nc3 e6 5. d4 d5 6. O-O Be7 7. a4 O-O
8. a5 bxa5 9. Rxa5 c5 10. Ra1 Nbd7 11. Ne5 cxd4 12. Nxd7 Qxd7 13. Qxd4 Rac8 14.
Qd1 Bc5 15. Na4 Qb5 16. Nxc5 Qxc5 17. c3 Qb5 18. Re1 h6 19. Ra4 Rc4 20. Rxc4
Qxc4 21. Qd4 Qxd4 22. cxd4 Rc8 23. Bd2 Rc2 24. Bc3 Ba6 25. Bf3 Ne4 26. Bxe4
dxe4 27. e3 Be2 28. h4 Kh7 29. Ra1 a6 30. Re1 Kg6 31. Kh2 f6 32. Rb1 Bd3 33.
Kg1 Kh5 34. Be1 Re2 35. Rc1 Rxb2 36. Kg2 Kg4 37. Ba5 Be2 38. Bd8 Ra2 39. Be7 a5
40. Bf8 g5 41. Bxh6 gxh4 42. gxh4 Kxh4 43. Bf4 Bf3+ 44. Kg1 a4 45. Bd6 Kg4 46.
Rf1 Kh3 47. Bb4 Rb2 48. Bc3 Rb7 49. Ra1 a3 50. Kf1 Ra7 51. Ke1 a2 52. Bb2 Kg2
53. Bc3 f5 54. Bb2 Bh5 55. Bc3 Be8 56. Ke2 Bb5+ 57. Ke1 Bc4 58. Rc1 Rb7 59. Kd2
Kxf2 60. Ba1 Bd3 61. Kc3 Rb1 62. Kd2 Rxc1 63. Kxc1 Kxe3 64. Kd1 Bb1 65. Ke1 f4
66. Kf1 Kd2 0-1

[Event "Plymouth (MI Op/1b/27)"]
[Site "?"]
[Date "1984.??.??"]
[Round "?"]
[White "Steen, Harold"]
[Black "Keck, M.."]
[Result "1-0"]
[WhiteElo "1620"]
[BlackElo "1605"]
[PlyCount "141"]
[EventDate "1984.??.??"]

1. Nf3 d5 2. g3 Nf6 3. Bg2 Nc6 4. d4 Bg4 5. Nc3 e6 6. Bg5 h6 7. Be3 Bd6 8. Qd2
Qe7 9. h3 Bxf3 10. Bxf3 e5 11. Nxd5 Nxd5 12. Bxd5 Rd8 13. Bxc6+ bxc6 14. O-O-O
O-O 15. g4 exd4 16. Qxd4 Be5 17. Qc5 Qxc5 18. Bxc5 Bd6 19. Bd4 a6 20. e4 Bf4+
21. Kb1 Rd7 22. Rd3 Rfd8 23. Rhd1 Re7 24. f3 g6 25. Be3 Rxd3 26. Rxd3 Bxe3 27.
Rxe3 f5 28. e5 Kf7 29. Kc1 Ke6 30. Kd2 Rd7+ 31. Kc3 Rd5 32. gxf5+ gxf5 33. f4
Rc5+ 34. Kd2 Rc4 35. Rf3 Re4 36. b3 c5 37. Kd3 a5 38. c3 c6 39. a4 h5 40. h4
Ke7 41. Kc2 Re2+ 42. Kd3 Rh2 43. Kc4 Rxh4 44. Kxc5 Rg4 45. Kxc6 h4 46. b4 Rg3
47. Rf1 Rxc3+ 48. Kb5 axb4 49. Kxb4 Rd3 50. a5 h3 51. a6 h2 52. Rh1 Rh3 53. Kb5
Kd7 54. Kb6 Rh6+ 55. Kb7 Rh8 56. a7 Ke6 57. a8=Q Rxa8 58. Kxa8 Kd5 59. Rxh2 Ke6
60. Rh6+ Ke7 61. e6 Ke8 62. Rh7 Kf8 63. Kb7 Ke8 64. Kc7 Kf8 65. Kd7 Kg8 66. Rh1
Kg7 67. e7 Kg6 68. e8=Q+ Kg7 69. Rg1+ Kh7 70. Qg8+ Kh6 71. Rh1# 1-0

[Event "East Detroit (MCO/1/10)"]
[Site "?"]
[Date "1984.??.??"]
[Round "?"]
[White "Steen, Harold"]
[Black "Johnson, Ty"]
[Result "0-1"]
[WhiteElo "1620"]
[BlackElo "2105"]
[PlyCount "80"]
[EventDate "1984.??.??"]

{1/(10)} 1. Nf3 Nf6 2. g3 b6 3. Bg2 Bb7 4. d3 e6 5. O-O Be7 6. c4 O-O 7. Nc3 c5
8. a3 Nc6 9. Ne5 Qc8 10. Nxc6 Bxc6 11. e4 Qb7 12. f4 Ne8 13. Qe2 Rd8 14. g4 f6
15. a4 Nc7 16. Nb5 a6 17. Nc3 Rfe8 18. h3 d5 19. cxd5 exd5 20. e5 fxe5 21. fxe5
Bf6 22. Bf4 d4 23. Bxc6 Qxc6 24. Qh2 Be7 25. Ne2 Nd5 26. Qg2 Qg6 27. Rad1 Bg5
28. Bxg5 Qxg5 29. Rf5 Qe3+ 30. Kh1 Rxe5 31. Rxe5 Qxe5 32. Re1 Re8 33. Qf2 Nf4
34. Rf1 Qd5+ 35. Kh2 Rxe2 36. Kg3 Rxf2 37. Rxf2 Qe5 38. Kh4 g5+ 39. Kg3 Nd5+
40. Kg2 Ne3+ 0-1

[Event "Plymouth (MI Op/6/43)"]
[Site "?"]
[Date "1984.??.??"]
[Round "?"]
[White "Steen, Harold"]
[Black "Darbro, D.."]
[Result "0-1"]
[WhiteElo "1620"]
[BlackElo "1850"]
[PlyCount "86"]
[EventDate "1984.??.??"]

{6/(43)} 1. Nf3 e6 2. g3 d5 3. d4 c5 4. c3 Bd6 5. Bg2 Nc6 6. O-O Nf6 7. Bg5 h6
8. Bxf6 Qxf6 9. Na3 a6 10. Re1 cxd4 11. cxd4 Bb4 12. Rf1 O-O 13. Nc2 Ba5 14.
Ne3 Bd7 15. Ng4 Qe7 16. Nge5 Rac8 17. Nxd7 Qxd7 18. a3 Rc7 19. b4 Bb6 20. Re1
Rfc8 21. e3 f6 22. Bh3 Ne7 23. Nh4 g5 24. Nf3 Ng6 25. Qd3 f5 26. Bg2 g4 27. Nd2
h5 28. f3 Qh7 29. h4 Qg7 30. f4 Rc2 31. Nb3 R8c3 32. Qd1 Rb2 33. Nd2 Rcc2 34.
Re2 Bxd4 35. exd4 Qxd4+ 36. Kh1 Rxd2 37. Rxd2 Rxd2 38. Qe1 Kf7 39. Rc1 Qb2 40.
Rb1 Qc2 41. Rc1 Qd3 42. Kh2 Nxf4 43. gxf4 Qh3+ 0-1

[Event "Plymouth (MI Op/6/51)"]
[Site "?"]
[Date "1984.??.??"]
[Round "?"]
[White "Staples, Christian"]
[Black "Thorsen, K.."]
[Result "1-0"]
[WhiteElo "1605"]
[BlackElo "1680"]
[PlyCount "25"]
[EventDate "1984.??.??"]

{6/(51)} 1. e4 c5 2. c3 d6 3. d4 cxd4 4. cxd4 g6 5. Nc3 Bg7 6. Nf3 Nf6 7. h3 a6
8. Bc4 O-O 9. Be3 Qc7 10. Bb3 b5 11. Rc1 Qb7 12. Nd5 Ne8 13. Rxc8 1-0

[Event "Plymouth (MI Op/3/6)"]
[Site "?"]
[Date "1984.??.??"]
[Round "?"]
[White "Staples, Christian"]
[Black "Thompson, Dexter"]
[Result "0-1"]
[WhiteElo "1605"]
[BlackElo "2130"]
[PlyCount "24"]
[EventDate "1984.??.??"]

{3/(6)} 1. e4 e5 2. Nc3 Nf6 3. f4 d5 4. fxe5 Nxe4 5. Nxe4 dxe4 6. d4 exd3 7.
Bxd3 Nc6 8. Nf3 Bc5 9. Bg5 Qd5 10. Bf4 Bg4 11. c4 Qd7 12. Qc2 Nb4 0-1

[Event "Plymouth (MI Op/4/38)"]
[Site "?"]
[Date "1984.??.??"]
[Round "?"]
[White "Staples, Christian"]
[Black "Franke, R.."]
[Result "1/2-1/2"]
[WhiteElo "1605"]
[BlackElo "1845"]
[PlyCount "85"]
[EventDate "1984.??.??"]

{4/(38)} 1. e4 c5 2. c3 d6 3. d4 cxd4 4. cxd4 Nf6 5. Nc3 g6 6. Qb3 Bg7 7. Bb5+
Bd7 8. Bc4 O-O 9. d5 Na6 10. Bxa6 bxa6 11. Nge2 Ng4 12. h3 Ne5 13. O-O Rb8 14.
Qc2 Nc4 15. Rb1 f5 16. b3 Nb6 17. Be3 Rc8 18. Qd3 fxe4 19. Nxe4 Bb5 20. Qd2
Bxe2 21. Qxe2 Nxd5 22. Bxa7 Qd7 23. Qd2 e6 24. Bd4 Bxd4 25. Qxd4 Rc2 26. a3
Rfc8 27. Qxd5 exd5 28. Nf6+ Kf7 29. Nxd7 R2c6 30. Rbd1 Rd8 31. Rxd5 Rxd7 32.
Rfd1 Ke6 33. b4 Rb7 34. g4 Rbb6 35. R5d4 Rc3 36. R1d3 Rxd3 37. Rxd3 d5 38. f4
Rc6 39. Kf2 Rc4 40. Kf3 Rc6 41. Ke3 Rc4 42. Kf3 Rc1 43. Ke2 1/2-1/2

[Event "Plymouth (MI Op/7/32)"]
[Site "?"]
[Date "1984.??.??"]
[Round "?"]
[White "Staples, Christian"]
[Black "Bolda, Dan G"]
[Result "1/2-1/2"]
[WhiteElo "1605"]
[BlackElo "1860"]
[PlyCount "55"]
[EventDate "1984.??.??"]

{7/(32)} 1. e4 e6 2. d4 d5 3. e5 c5 4. c3 Nc6 5. Nf3 Nge7 6. Bd3 h6 7. dxc5 Ng6
8. Bxg6 fxg6 9. b4 Be7 10. Qd3 Kf7 11. h4 Qg8 12. Na3 a6 13. Nc2 Qh7 14. Ncd4
Nd8 15. Bd2 Rf8 16. h5 Rh8 17. hxg6+ Qxg6 18. Qxg6+ Kxg6 19. Ke2 Nf7 20. a3 Bd7
21. Bf4 Rhf8 22. Ke3 Kh7 23. g4 Kg8 24. Rh2 g5 25. Bg3 a5 26. Nb3 a4 27. Nbd4
Kg7 28. Nd2 1/2-1/2

[Event "East Detroit (MCO/3/33)"]
[Site "?"]
[Date "1984.??.??"]
[Round "?"]
[White "Sprague, A.."]
[Black "Williams, C.."]
[Result "1-0"]
[WhiteElo "1730"]
[BlackElo "1605"]
[PlyCount "57"]
[EventDate "1984.??.??"]

{3/(33)} 1. e4 c5 2. Nf3 Nc6 3. d4 cxd4 4. Nxd4 g6 5. Be3 Bg7 6. c3 Nf6 7. f3
O-O 8. Be2 d5 9. Nxc6 bxc6 10. Nd2 dxe4 11. Nxe4 Nxe4 12. fxe4 Qc7 13. O-O Be6
14. Qc2 Rfd8 15. b4 Rab8 16. Rad1 Be5 17. h3 Bh2+ 18. Kh1 Be5 19. Ba6 f5 20.
Bd3 Qc8 21. exf5 gxf5 22. Rde1 Bg3 23. Rxf5 Rxd3 24. Rg5+ Kh8 25. Qxd3 Qc7 26.
Bd4+ Be5 27. Rexe5 Rd8 28. Rd5+ Qe5 29. Bxe5# 1-0

[Event "East Detroit (MCO/5/28)"]
[Site "?"]
[Date "1984.??.??"]
[Round "?"]
[White "Sprague, A.."]
[Black "McCarter, Robert"]
[Result "1-0"]
[WhiteElo "1730"]
[BlackElo "1605"]
[PlyCount "47"]
[EventDate "1984.??.??"]

{5/(28)} 1. e4 e6 2. d4 d5 3. Nc3 Nf6 4. Bg5 Be7 5. e5 Nfd7 6. Bxe7 Qxe7 7. Nf3
O-O 8. a3 c5 9. Nb5 Nc6 10. c3 a6 11. Nd6 cxd4 12. cxd4 f6 13. Nxc8 Raxc8 14.
exf6 Rxf6 15. Be2 Rcf8 16. O-O Qf7 17. Rc1 e5 18. dxe5 Ndxe5 19. Ng5 Qg6 20.
Qxd5+ Kh8 21. f4 Rxf4 22. Rxf4 Rxf4 23. Qxe5 Rf5 24. Qb8+ 1-0

[Event "Plymouth (MI Op/3/31)"]
[Site "?"]
[Date "1984.??.??"]
[Round "?"]
[White "Smith, Walt"]
[Black "Shavalier, J.."]
[Result "1-0"]
[WhiteElo "1980"]
[BlackElo "2065"]
[PlyCount "71"]
[EventDate "1984.??.??"]

{3/(31)} 1. e4 e6 2. d4 d5 3. Nd2 Nf6 4. Bd3 b6 5. c3 Bb7 6. e5 Nfd7 7. Qg4 c5
8. Ne2 cxd4 9. cxd4 h5 10. Qh3 Nc6 11. Nf3 Nb4 12. Bb1 Ba6 13. Nf4 Qe7 14. a3
Rc8 15. Bd2 Nc6 16. Nxh5 Kd8 17. Qg4 Kc7 18. Nf4 Kb8 19. Bd3 Bxd3 20. Nxd3 g6
21. Rc1 Bh6 22. Bxh6 Rxh6 23. Qf4 Rh7 24. Qe3 Rc7 25. Rc3 g5 26. g3 g4 27. Nd2
Ndxe5 28. Nxe5 Nxe5 29. dxe5 Rd7 30. Qd4 Qg5 31. f4 gxf3 32. Nxf3 Qg7 33. O-O
Rd8 34. Rfc1 Rdh8 35. Qb4 f5 36. Qd6+ 1-0

[Event "Plymouth (MI Op/7/13)"]
[Site "?"]
[Date "1984.??.??"]
[Round "?"]
[White "Smith, Walt"]
[Black "Palmer, Tony"]
[Result "1/2-1/2"]
[WhiteElo "1980"]
[BlackElo "2085"]
[PlyCount "127"]
[EventDate "1984.??.??"]

{7/(13)} 1. a3 Nf6 2. c4 e6 3. d4 b6 4. Nc3 Bb7 5. Qc2 d5 6. cxd5 exd5 7. Bf4
a6 8. Nf3 Bd6 9. Bg3 O-O 10. e3 Qe7 11. Bd3 Nbd7 12. Nh4 g6 13. Nf3 Bxg3 14.
hxg3 Ne4 15. g4 c5 16. Qe2 cxd4 17. exd4 Qf6 18. Bxe4 dxe4 19. Nh2 Qg5 20. Qe3
Qxe3+ 21. fxe3 f5 22. gxf5 gxf5 23. Ne2 Rac8 24. Kd2 Rf6 25. Rac1 Rxc1 26. Rxc1
Rc6 27. Rxc6 Bxc6 28. Ng3 Kf7 29. Nxf5 Kf6 30. Ng3 Kg5 31. Ne2 Kh4 32. Ke1 b5
33. Nf4 Nb6 34. b3 Bd5 35. Nxd5 Nxd5 36. Nf1 Kg4 37. Kf2 Nc3 38. Ke1 Nd5 39.
Kd2 h5 40. Ke2 Nc3+ 41. Kf2 Nd1+ 42. Ke1 Nc3 43. Nd2 Kf5 44. b4 Nd5 45. Kf2 Nc3
46. Kg3 Nd5 47. Nf1 Kg5 48. Kh3 Kg6 49. g4 hxg4+ 50. Kxg4 Kf6 51. Nd2 Nxe3+ 52.
Kf4 Nc2 53. Kxe4 Ke6 54. Nb1 Kd6 55. d5 Ne1 56. Kd4 Nc2+ 57. Kc3 Ne3 58. Kd3
Nxd5 59. Nc3 Nxc3 60. Kxc3 Ke5 61. Kd3 Kd5 62. a4 Ke5 63. axb5 axb5 64. Ke3
1/2-1/2

[Event "Plymouth (MI Op/5/29)"]
[Site "?"]
[Date "1984.??.??"]
[Round "?"]
[White "Smith, Walt"]
[Black "Morris, Jason"]
[Result "1-0"]
[WhiteElo "1980"]
[BlackElo "1755"]
[PlyCount "51"]
[EventDate "1984.??.??"]

{5/(29)} 1. e4 c6 2. d4 d5 3. Nd2 dxe4 4. Nxe4 Nd7 5. Qe2 e6 6. Bf4 Ngf6 7.
Nd6+ Bxd6 8. Bxd6 Nb6 9. Qe5 Nbd7 10. Qg5 Rg8 11. Bd3 h6 12. Qd2 Nb6 13. Be5
Ng4 14. Ne2 Nxe5 15. dxe5 Qd5 16. f4 Bd7 17. Nc3 Qd4 18. O-O-O Na4 19. Nxa4
Qxa4 20. Bh7 O-O-O 21. Bxg8 Qxa2 22. c3 Qa1+ 23. Kc2 Qa4+ 24. Kb1 Qe4+ 25. Kc1
Qa4 26. Bxf7 1-0

[Event "Plymouth (MI Op/1b/17)"]
[Site "?"]
[Date "1984.??.??"]
[Round "?"]
[White "Smith, Walt"]
[Black "Manion, Tom"]
[Result "1-0"]
[WhiteElo "1980"]
[BlackElo "1740"]
[PlyCount "143"]
[EventDate "1984.??.??"]

1. e4 e5 2. Nf3 Nf6 3. Bc4 Nxe4 4. Nxe5 Qe7 5. Bxf7+ Kd8 6. d4 d6 7. O-O dxe5
8. dxe5+ Qd7 9. Qf3 Qc6 10. Rd1+ Ke7 11. Bd5 Qe8 12. Qxe4 Qh5 13. Qb4+ Ke8 14.
Qd4 Bc5 15. Bf3 Qxf3 16. Qd8+ Kf7 17. gxf3 Rxd8 18. Rxd8 Nd7 19. f4 Be7 20. Rh8
Nf8 21. Nc3 Bh3 22. Be3 Bf5 23. Nd5 Bd8 24. Bc5 Ng6 25. Rxh7 Nxf4 26. Rxg7+
Kxg7 27. Nxf4 b6 28. Be3 Bxc2 29. Ne6+ Kf7 30. Rc1 Kxe6 31. Rxc2 Kxe5 32. Kg2
c5 33. Bh6 Bf6 34. Kf3 Rh8 35. Bf4+ Kf5 36. Rd2 Bd4 37. b4 Rh3+ 38. Bg3 Rh7 39.
bxc5 bxc5 40. Rc2 Rb7 41. Bf4 Ke6 42. Ke4 Re7 43. Be3 Bxe3 44. fxe3 Rc7 45. Rg2
Rf7 46. Rg6+ Ke7 47. Ra6 Rf2 48. Ke5 Re2 49. Rxa7+ Kd8 50. e4 Rxh2 51. Kd6 Kc8
52. Kxc5 Kb8 53. Ra4 Kc7 54. Kd5 Rd2+ 55. Ke6 Rd6+ 56. Ke5 Rd2 57. Ra6 Kb7 58.
Ra5 Kb6 59. Ra8 Kb7 60. Ra3 Kc6 61. Ra5 Rh2 62. Rd5 Rxa2 63. Rd1 Rf2 64. Ke6
Kc7 65. e5 Rf3 66. Ke7 Kc6 67. e6 Rf4 68. Ke8 Kc7 69. Rd7+ Kc6 70. e7 Rh4 71.
Kd8 Rh8+ 72. e8=Q 1-0

[Event "East Detroit (MCO/5/17)"]
[Site "?"]
[Date "1984.??.??"]
[Round "?"]
[White "Smith, Walt"]
[Black "Haakonstad, Olaf"]
[Result "1-0"]
[WhiteElo "1955"]
[BlackElo "1715"]
[PlyCount "66"]
[EventDate "1984.??.??"]

{5/(17)} 1. e4 c5 2. Nf3 e6 3. d4 cxd4 4. Nxd4 a6 5. Nc3 Qc7 6. g3 Nf6 7. Bg2
Bb4 8. Bd2 Nc6 9. Nde2 O-O 10. O-O Bc5 11. Nf4 d6 12. Nh5 Bd4 13. Bf4 Nxh5 14.
Qxh5 e5 15. Nd5 Qd8 16. Bc1 Be6 17. c3 Ba7 18. Ne3 Qf6 19. Kh1 Qg6 20. Qe2 Rac8
21. f4 f5 22. exf5 Bxf5 23. Nxf5 Qxf5 24. Be3 e4 25. Bxa7 Nxa7 26. Qxe4 Qxe4
27. Bxe4 Nc6 28. Rad1 Rfe8 29. Rfe1 Red8 30. Kg2 h6 31. Re2 Rc7 32. Red2 Re7
33. Kf3 Re6 1-0

[Event "East Detroit (MCO/3/8)"]
[Site "?"]
[Date "1984.??.??"]
[Round "?"]
[White "Smith, Walt"]
[Black "Groeller, W.."]
[Result "1/2-1/2"]
[WhiteElo "1955"]
[BlackElo "2075"]
[PlyCount "78"]
[EventDate "1984.??.??"]

{3/(8)} 1. e4 c5 2. Nf3 Nc6 3. Bb5 g6 4. Nc3 Bg7 5. O-O e6 6. Re1 Nge7 7. e5
O-O 8. d3 a6 9. Bxc6 Nxc6 10. Bg5 f6 11. Bh4 g5 12. exf6 Bxf6 13. Bg3 d5 14.
Qd2 Nd4 15. Nxd4 Bxd4 16. Re2 Rf5 17. Rae1 Bd7 18. Nd1 Qb6 19. c3 Bg7 20. Ne3
Rf7 21. Ng4 h6 22. Ne5 Bxe5 23. Bxe5 Rf5 24. d4 cxd4 25. Bxd4 Qd6 26. Qc2 Qf4
27. f3 h5 28. b3 g4 29. g3 Qh6 30. fxg4 hxg4 31. Re5 Raf8 32. Be3 Qh5 33. Bf4
Rxe5 34. Rxe5 Rf5 35. Qe2 Rxe5 36. Qxe5 Qxe5 37. Bxe5 Kf7 38. Kg2 Kg6 39. h3
gxh3+ 1/2-1/2

[Event "East Detroit (MCO/2/21)"]
[Site "?"]
[Date "1984.??.??"]
[Round "?"]
[White "Smith, Walt"]
[Black "Golonka, Stan"]
[Result "1-0"]
[WhiteElo "1955"]
[BlackElo "1605"]
[PlyCount "119"]
[EventDate "1984.??.??"]

{2/(21)} 1. e4 e5 2. Nf3 Nc6 3. Bb5 a6 4. Ba4 Nf6 5. O-O Bc5 6. d3 O-O 7. Bxc6
bxc6 8. Nxe5 d6 9. Nf3 h6 10. Re1 Ng4 11. d4 Bb6 12. Nbd2 Nf6 13. c3 Re8 14. e5
Nd5 15. Nc4 Be6 16. Nxb6 cxb6 17. Bd2 a5 18. Qc2 Qd7 19. Rad1 Bf5 20. Qc1 Re6
21. exd6 Bg4 22. Ne5 Rxe5 23. dxe5 Bxd1 24. Qxd1 b5 25. Qh5 Re8 26. f4 Qa7+ 27.
Kf1 b4 28. e6 Qa6+ 29. Kf2 Rxe6 30. Rxe6 fxe6 31. Qe8+ Kh7 32. Qxe6 bxc3 33.
Qe4+ Kh8 34. bxc3 Nf6 35. Qd4 c5 36. d7 cxd4 37. d8=Q+ Kh7 38. Qxd4 Qb7 39. h3
Ne4+ 40. Ke3 Ng3 41. Qd3+ Kh8 42. Qd8+ Kh7 43. Qd3+ Kh8 44. Kf2 Ne4+ 45. Ke3
Ng3 46. Kf2 Ne4+ 47. Kg1 Kh7 48. c4 Kh8 49. Bxa5 Qa7+ 50. Kh2 Nf2 51. Qd8+ Kh7
52. Qb6 Qa8 53. Qxf2 Qxa5 54. c5 Qa4 55. f5 Qc6 56. Qc2 Qc7+ 57. g3 Kg8 58. c6
Kf7 59. Qc4+ Kf6 60. Qe6+ 1-0